[Event "Jastrzebia Gora Fianchetto op"]
[Site "Jastrzebia Gora"]
[Date "2014.??.??"]
[Round "6"]
[White "Krupecka Czarkowska, Danuta"]
[Black "Czarkowski, Jan"]
[Result "1/2-1/2"]
[WhiteElo "1157"]
[BlackElo "1255"]
[PlyCount "45"]
[EventDate "2014.08.31"]
[EventType "swiss"]
[EventRounds "9"]
[EventCountry "POL"]
[SourceTitle "CBM 162 Extra"]
[Source "ChessBase"]
[SourceDate "2014.10.17"]
[SourceVersion "1"]
[SourceVersionDate "2014.10.17"]
[SourceQuality "1"]

1. d4 d5 2. Nf3 Nc6 3. Nc3 Nf6 4. e3 Bg4 5. Be2 Bxf3 6. Bxf3 e6 7. 0-0 Bd6 8. e4 dxe4 9. Nxe4 Nxe4 10. Bxe4 0-0 11. Qh5 g6 12. Qh6 Re8 13. Bg5 Be7 14. h4 Qxd4 15. Bxc6 bxc6 16. c3 Qg7 17. Qxg7+ Kxg7 18. Rfd1 Rad8 19. Rxd8 Bxd8 20. Rd1 Bxg5 21. hxg5 h5 22. gxh6+ Kxh6 23. Rd7 1/2-1/2

[Event "Rowy op 08"]
[Site "Rowy"]
[Date "2012.08.22"]
[Round "5"]
[White "Debowski, Stanislaw"]
[Black "Czarkowski, Jan"]
[Result "1-0"]
[WhiteElo "1741"]
[BlackElo "1308"]
[PlyCount "55"]
[EventDate "2012.08.18"]
[EventType "swiss"]
[EventRounds "9"]
[EventCountry "POL"]
[SourceTitle "EXT 2014"]
[Source "ChessBase"]
[SourceDate "2013.11.20"]
[SourceVersion "1"]
[SourceVersionDate "2013.11.20"]
[SourceQuality "1"]

1. d4 d5 2. e3 Nf6 3. Bd3 Nc6 4. Nf3 Bg4 5. Be2 Bxf3 6. Bxf3 e5 7. dxe5 Bb4+ 8. c3 Nd7 9. cxb4 Ncxe5 10. 0-0 c6 11. Be2 h5 12. b3 Qc7 13. Bb2 f6 14. Na3 Ng4 15. g3 f5 16. Nc2 h4 17. Bxg4 fxg4 18. Qxg4 Rh7 19. Qg6+ Kd8 20. Qxh7 hxg3 21. Qg8+ Ke7 22. Qxg7+ Ke6 23. Nd4+ Kd6 24. Qxg3+ Ne5 25. Nf5+ Ke6 26. Qxe5+ Qxe5 27. Bxe5 Kxf5 28. Bg3 1-0